Lokalizácia maloobchodnej siete a jej koncentrácia v regiónoch Slovenskej republiky
V rámci maloobchodu je lokalizačné rozhodovanie veľmi dôležité, pretože chyba v rozhodovaní a následné nevhodné umiestnenie maloobchodnej jednotky vedie prevažne k závažným obchodným problémom a následne ku krachu predajne. Obchodníci, či obchodné reťazce sa rozhodujú na základe tržného potenciálu v...
Saved in:
| Main Author: | |
|---|---|
| Other Authors: | |
| Format: | Book Chapter |
| Language: | Slovak |
| Subjects: | |
| Tags: |
No Tags, Be the first to tag this record!
|
MARC
| LEADER | 00000naa a2200000 4500 | ||
|---|---|---|---|
| 001 | 0194760 | ||
| 005 | 20231128131926.9 | ||
| 041 | 0 | |a slo | |
| 044 | |a CZ | ||
| 245 | 1 | 0 | |a Lokalizácia maloobchodnej siete a jej koncentrácia v regiónoch Slovenskej republiky |c Rastislav Kotulič, Martina Marchevská |
| 520 | |a V rámci maloobchodu je lokalizačné rozhodovanie veľmi dôležité, pretože chyba v rozhodovaní a následné nevhodné umiestnenie maloobchodnej jednotky vedie prevažne k závažným obchodným problémom a následne ku krachu predajne. Obchodníci, či obchodné reťazce sa rozhodujú na základe tržného potenciálu v mieste, logistických väzieb, dopravných podmienok, ako aj podľa lokalizačných krokov svojich konkurentov. | ||
| 610 | 2 | 0 | |a siete maloobchodné |
| 610 | 2 | 0 | |a Slovensko |
| 610 | 2 | 0 | |a koncentrácia |
| 610 | 2 | 0 | |a predaj |
| 610 | 2 | 0 | |a maloobchod |
| 100 | 1 | |a Kotulič, Rastislav | |
| 700 | 1 | |a Marchevská, Martina | |